| 000 | 00448nam a2200169 a 4500 | ||
|---|---|---|---|
| 001 | 488 | ||
| 003 | CDMR | ||
| 005 | 20131118125228.0 | ||
| 008 | 130130s1918||||||||||||||||||||||||||||d | ||
| 040 |
_aCDMR _bcat _cCDMR |
||
| 100 | 1 |
_aMorato i Grau, Josep _9346 |
|
| 245 | 1 | 0 |
_aCom és fet un diari _cper J. Morató i Grau |
| 260 |
_aBarcelona _c1918 _bImp. Duran i Alsina |
||
| 300 | _a32 p. | ||
| 490 | 0 |
_aMinerva. _aPrimera Sèrie _v30 |
|
| 942 |
_cFULLET _2udc |
||
| 999 |
_c488 _d488 |
||